Guidebook to Mechanism in Organic Chemistry (Record no. 6611)

MARC details
000 -LEADER
fixed length control field 00303nam a2200121Ia 4500
008 - FIXED-LENGTH DATA ELEMENTS--GENERAL INFORMATION
fixed length control field 191201s2007 xx 000 0 und d
100 ## - MAIN ENTRY--PERSONAL NAME
Personal name SYKES, Peter
245 #0 - TITLE STATEMENT
Title Guidebook to Mechanism in Organic Chemistry
260 ## - PUBLICATION, DISTRIBUTION, ETC. (IMPRINT)
Place of publication, distribution, etc N. Delhi
Name of publisher, distributor, etc Pearson
Date of publication, distribution, etc 2007
300 ## - PHYSICAL DESCRIPTION
Extent 416
650 ## - SUBJECT ADDED ENTRY--TOPICAL TERM
Topical term or geographic name as entry element Applied
942 ## - ADDED ENTRY ELEMENTS (KOHA)
Source of classification or shelving scheme Dewey Decimal Classification
Koha item type Text Books
Holdings
Withdrawn status Lost status Source of classification or shelving scheme Damaged status Not for loan Collection code Home library Current library Date acquired Source of acquisition Cost, normal purchase price Bill Number Total Checkouts Full call number Acc. no. / Barcode Date last seen Actual Cost, discounted price Bill Date Koha item type Date last borrowed
    Dewey Decimal Classification     Applied Sc. PIET C-LIBRARY PIET C-LIBRARY 20/06/2016 pearson 199.00 TCM/2016/10403   547.1 SYG 29001 04/12/2019 122.44 13/06/2016 Text Books  
    Dewey Decimal Classification     Applied Sc. PIET C-LIBRARY PIET C-LIBRARY 20/06/2016 pearson 199.00 TCM/2016/10403 1 547.1 SYG 29002 15/02/2021 122.44 13/06/2016 Text Books 08/02/2021
    Dewey Decimal Classification     Applied Sc. PIET C-LIBRARY PIET C-LIBRARY 20/06/2016 pearson 199.00 TCM/2016/10403   547.1 SYG 29003 04/12/2019 122.44 13/06/2016 Text Books  

Design & Developed by: PIET Central Library
R70 Miles Stone Pattikalyana Samalkha Panipat 132102
mail ID :- [email protected], Phone No:- 0180-2569700 Ex.216